Revista andina / (Record no. 21832)

000 -CABECERA
fixed length control field 02036nam a22003497a 4500
003 - IDENTIFICADOR DEL NÚMERO DE CONTROL
control field AR-CdUCM
008 - DATOS DE LONGITUD FIJA--INFORMACIÓN GENERAL
fixed length control field 190425b ||||| |||| 00| 0 spa d
040 ## - FUENTE DE LA CATALOGACIÓN
Agencia/entidad que catalogó originalmente la obra MUNICIPALIDAD PROVINCIAL DEL CUSCO
Entidad que transcribió la catalogación BIBLIOTECA MUNICIPAL DEL CUSCO
082 ## - NÚMERO DE LA CLASIFICACIÓN DECIMAL DEWEY
No. de Clasificación Rev.Andi/N°5/1985
110 ## - ENTRADA PRINCIPAL--NOMBRE DE ENTIDAD CORPORATIVA
Nombre de la institución, jurisdicción como entrada principal Centro Bartolomé de Las Casas
9 (RLIN) 3293
245 ## - MENCIÓN DE TÍTULO
Título Revista andina /
Mención de responsabilidad Centro de estudios rurales andinos Bartolomé de Las Casas Cusco
260 ## - PUBLICACIÓN, DISTRIBUCIÓN, ETC.
Lugar de publicación, distribución, etc. Cusco :
Nombre de la editorial, distribuidor, etc. Centro Bartolomé de Las Casas,
Fecha de publicación, distribución, etc. 1985.
300 ## - DESCRIPCIÓN FÍSICA
Nº de Páginas Extensión 296 páginas. :
Dimensiones 23 cm.
440 ## - MENCIÓN DE SERIE/PUNTO DE ACCESO ADICIONAL--TÍTULO
Título Publicación Semestral del Centro Bartolomé de Las Casas Cusco.
Número de la parte/sección de una obra Año 3, Número 5, N°1, Primer semestre 1985.
9 (RLIN) 46316
505 ## - NOTA DE CONTENIDO CON FORMATO
Nota de contenido formateada Contenido: Perú agricultura, utopía popular y proyecto nacional. Eduardo Grillo Fernández. -- El origen del Estado en el valle de Ayacucho. William H. Isbell. -- Debate en torno a el comercio lejano y la difusión del quechua el caso del Ecuador. Alfredo Torero. -- El espíritu lascasiano en la primera evangelización del Perú 1531-1573. Isacio Pérez Fernández. -- Inquisición y mujeres las hechiceras en el Perú durante el siglo XVII. María Emma Mannarelli. -- Un documento quechua de Huarochirí 1607. Gerald Taylor. -- Sí, hubo imprenta en Juli. Pierre Duviols. -- Sobre la arqueología del norte del Perú. Rogger Ravines. -- La arqueología de Esmeraldas Ecuador estado de la cuestión y perspectivas. José Alcina Franch.
650 ## - PUNTO DE ACCESO ADICIONAL DE MATERIA--TÉRMINO DE MATERIA
Descriptor Comunidades campesinas
9 (RLIN) 2214
650 ## - PUNTO DE ACCESO ADICIONAL DE MATERIA--TÉRMINO DE MATERIA
Descriptor Economía campesina
9 (RLIN) 2215
650 ## - PUNTO DE ACCESO ADICIONAL DE MATERIA--TÉRMINO DE MATERIA
Descriptor Cultura andina
9 (RLIN) 46295
650 ## - PUNTO DE ACCESO ADICIONAL DE MATERIA--TÉRMINO DE MATERIA
Descriptor Idioma Quechua
9 (RLIN) 27790
650 ## - PUNTO DE ACCESO ADICIONAL DE MATERIA--TÉRMINO DE MATERIA
Descriptor Arqueología ecuatoriana
9 (RLIN) 46317
700 ## - PUNTO DE ACCESO ADICIONAL--NOMBRE DE PERSONA
Nombre Personal Grillo Fernández, Eduardo
9 (RLIN) 46318
700 ## - PUNTO DE ACCESO ADICIONAL--NOMBRE DE PERSONA
Nombre Personal Isbell, William H.
9 (RLIN) 46319
700 ## - PUNTO DE ACCESO ADICIONAL--NOMBRE DE PERSONA
Nombre Personal Torero, Alfredo
9 (RLIN) 2062
700 ## - PUNTO DE ACCESO ADICIONAL--NOMBRE DE PERSONA
Nombre Personal Pérez Fernández, Isacio
9 (RLIN) 1651
700 ## - PUNTO DE ACCESO ADICIONAL--NOMBRE DE PERSONA
Nombre Personal Mannarelli, María Emma
9 (RLIN) 46320
700 ## - PUNTO DE ACCESO ADICIONAL--NOMBRE DE PERSONA
Nombre Personal Taylor, Gerald
9 (RLIN) 2028
700 ## - PUNTO DE ACCESO ADICIONAL--NOMBRE DE PERSONA
Nombre Personal Duviols, Pierre
9 (RLIN) 45039
700 ## - PUNTO DE ACCESO ADICIONAL--NOMBRE DE PERSONA
Nombre Personal Ravines, Rogger
9 (RLIN) 16978
700 ## - PUNTO DE ACCESO ADICIONAL--NOMBRE DE PERSONA
Nombre Personal Alcina Franch, José
9 (RLIN) 23215
942 ## - ELEMENTOS DE PUNTO DE ACCESO ADICIONAL (KOHA)
Fuente de clasificación
Tipo de item Revistas cusqueñas
945 ## - PROCESAMIENTO DE INFORMACIÓN LOCAL (OCLC)
Catalogador rac
Holdings
Estado de retiro (separado) Fuente de clasificación o esquema de estanterías Estado dañado Ubicación Sala donde se ubica Nombre de la colección Fecha de adquisición o compra Costo, precio normal en soles Signatura topográfica Código de Barras Última vez visto (Koha) Tipo de ítem (Koha)
No     Sala Hemeroteca Sala Hemeroteca Book Cart 2021-08-20 10.00 Rev.Andi/N°5/1985 REVC000305 2021-08-20 Revistas cusqueñas

Powered by Koha